Normal view
MARC view
Entry Personal Name
001 - CONTROL NUMBER
- control field: 49506
003 - CONTROL NUMBER IDENTIFIER
- control field: dpl
005 - DATE AND TIME OF LATEST TRANSACTION
- control field: 20120625143624.0
008 - FIXED-LENGTH DATA ELEMENTS
- fixed length control field: 120625|||a|||||| | ||| d
040 ## - CATALOGING SOURCE
- Original cataloging agency: dpl
- Transcribing agency: dpl
100 ## - HEADING--PERSONAL NAME
- Personal name: Lewens , Tim
670 ## - SOURCE DATA FOUND
- Source citation: Work cat.: (dpl): Lewens , Tim, Darwin, 2007
670 ## - SOURCE DATA FOUND
- Source citation: Work cat.: (dpl): Lewens , Tim, Darwin, 2007
